Central Library OPAC University of Rajshahi

Accounting for lawyers / (Record no. 15282)

MARC details
000 -LEADER
fixed length control field 00701cam a22002531a 4500
001 - CONTROL NUMBER
control field 15282
003 - CONTROL NUMBER IDENTIFIER
rucl marc code BD-RjUL
005 - DATE AND TIME OF LATEST TRANSACTION
control field 20211208235802.0
008 - FIXED-LENGTH DATA ELEMENTS--GENERAL INFORMATION
fixed length control field 140209s1952 inu 001 0 eng
035 ## - SYSTEM CONTROL NUMBER
System control number (BD-RjUL)15336
System control number (OCoLC)734640
040 ## - CATALOGING SOURCE
Original cataloging agency DLC
Transcribing agency PPi
Modifying agency MoSU-L
-- DLC
-- BD-RjUL
Language of cataloging eng
041 ## - LANGUAGE CODE
Language code of text/sound track or separate title eng
082 ## - DEWEY DECIMAL CLASSIFICATION NUMBER
Classification number 657
Author mark and year SHA
100 1# - MAIN ENTRY--PERSONAL NAME
Personal name Shugerman, A. L.
Fuller form of name (Abe L.)
9 (RLIN) 47519
245 10 - TITLE STATEMENT
Title Accounting for lawyers /
Remainder of title A.L. Shugerman.
260 ## - PUBLICATION, DISTRIBUTION, ETC. (IMPRINT)
Place of publication, distribution, etc. Indianapolis :
Name of publisher, distributor, etc. Bobbs-Merrill,
Date of publication, distribution, etc. c1952.
300 ## - PHYSICAL DESCRIPTION
Pagination viii, 592 p. ;
Size 27 cm.
504 ## - BIBLIOGRAPHY, ETC. NOTE
Bibliography, etc Includes index
650 #0 - SUBJECT ADDED ENTRY--TOPICAL TERM
Topical term or geographic name as entry element Accounting
General subdivision Study and teaching.
9 (RLIN) 47520
942 ## - ADDED ENTRY ELEMENTS (KOHA)
Source of classification or shelving scheme Dewey Decimal Classification
Koha item type Books
Holdings
Lost status Source of classification or shelving scheme Damaged status Not for loan Collection code Permanent Location Current Location Shelving location Date acquired Source of acquisition Cost, normal purchase price Total Checkouts Full call number Date last seen Copy number Koha item type
  Dewey Decimal Classification     Non-fiction Central Library, University of Rajshahi Central Library, University of Rajshahi   26/10/1965 Zeitlinger 76.00   657 SHA 1952 09/02/2014 C-6 Books